Statistics for King For A Day- Pierce the Veil ft Kellin Quinn lyrics

Click here to take the quiz!

General Stats

  • This quiz has been taken 631 times
  • The average score is 42 of 56

Answer Stats

HintAnswer% Correct
Dare me to jump off of this Jersey ------?bridge
93%
You told me ----- about it, well I didthink
91%
I bet you never had a ------ ----- like thisFriday night
90%
Now I don't wanna feel a thing -------anymore
89%
I'm tired of ------- for the things that I wantbegging
89%
Now I don't wanna ---- a thing anymorefeel
88%
Now I don't wanna ---- a thing anymorefeel
88%
Keep it up, keep it up, let's ----- our handsraise
88%
I take a look up at the --- and I see ---sky red
88%
Imagine living like a king -------someday
88%
I'm over sleeping like a --- -- --- floordog on the
87%
The thought of you's no ------- ---fucking fun
87%
I'm ---- -------- like a dog on the floorover-sleeping
86%
Let's ------ until there's nothing leftscream
86%
I'm tired of begging for the things ---- - ----that I want
86%
Hail Mary, ------- meforgive
85%
A single night without a ghost -- --- -----in the wall
85%
Scream until there's -------- ----nothing left
85%
You told me ----- ---- --, well I didthink about it
85%
Please, won't you ---- me for the last timepush
84%
The ------- of you's no fucking funthought
84%
Because enough's enough, ---- ----we're done
84%
Because enough's enough, ---- ----we're done
84%
Will surely bring me ----pain
83%
Intoxication, --------, and a lot of fameparanoia
83%
Come at me, now this is ---!war
83%
We'll start a new ---------- nowrevolution
82%
Blood for blood, ------ -------hearts beating
81%
You make me sick, I make it worse by -------- latedrinking
80%
Red for the drink that's mixed with -------suicide
80%
And if the bass shakes the earth -----------underground
80%
The thing I think I ----love
79%
---------- redeverything
78%
So sick of -------, I don't want to anymoreplaying
78%
So sick of -------, I don't want this anymoreplaying
78%
Red for the ------, red for the -------cancer wealthy
76%
You want a ------ I'll be onemartyr
76%
Three cheers for -------- upthrowing
76%
I'm over sleeping like a --- on the -----dog floor
75%
Imagine living like a ---- -------king someday
75%
You want a ------, I'll be onemartyr
75%
I'm tired of ------- for the things that I ----begging want
73%
You told me think about it, ---- - ---well I did
73%
Fuck with this new ----. Oh!beat
70%
A single night without a ----- in the -----ghost walls
63%
----shit
58%
--------- drama queenpubescent
57%
We are the ------- screaming ---- us nowshadows take
52%
I know you well but this ain't a ----game
49%
Blow the smoke in ------- shapediamond
44%
Now terror begins inside a ---------- veinbloodless
43%
Born in this world without a ------ or ---voice say
43%
Dying is a ---- so close your ---- and rest in peacegift eyes
42%
I was just a ------- of the street youth rageproduct
42%
We'd rather die than live to ---- on the ------rust ground
40%
Caught in the spokes with an abandoned -----brain
36%

Score Distribution

Percentile by Number Answered

Percent of People with Each Score

Your Score History

You have not taken this quiz